书目信息 |
| 题名: |
影视美学
|
|
| 作者: | 彭吉象 著 | |
| 分册: | ||
| 出版信息: | 北京 北京大学出版社 2009.05 |
|
| 页数: | 368页 | |
| 开本: | 23cm | |
| 丛书名: | 博雅大学堂·艺术 | |
| 单 册: | ||
| 中图分类: | J901 | |
| 科图分类: | ||
| 主题词: | 电影美学--dian ying mei xue , 电视(艺术)--dian shi(yi shu)--艺术美学 | |
| 电子资源: | ||
| ISBN: | 978-7-301-15066-5 | |
| 000 | 01074nam 2200289 450 | |
| 001 | 012009545591 | |
| 005 | 20090806143753.34 | |
| 010 | @a978-7-301-15066-5@dCNY38.00 | |
| 100 | @a20090806d2009 em y0chi0120 ea | |
| 101 | 0 | @achi |
| 102 | @aCN@b110000 | |
| 105 | @ac a 000yy | |
| 106 | @ar | |
| 200 | 1 | @a影视美学@Aying shi mei xue@f彭吉象著@Fpeng ji xiang zhu |
| 205 | @a第2版@b修订版 | |
| 210 | @a北京@c北京大学出版社@d2009.05 | |
| 215 | @a368页@c肖像@d23cm | |
| 225 | 2 | @a博雅大学堂·艺术@Abo ya da xue tang·yi shu |
| 320 | @a有书目 (第365-368页) | |
| 330 | @a全书分为上下两编,上编把影视艺术放在世界电影发展史中,探讨了影视艺术的发展状况、影视美学理论的代表流派及其发展流变;下编则把影视美学放在文化的整体构架中,同时结合影视艺术的实践探讨了影视艺术的文化特性、美学特征、审美心理等。 | |
| 410 | 0 | @12001 @a博雅大学堂·艺术 |
| 606 | 0 | @a电影美学@Adian ying mei xue |
| 606 | 0 | @a电视(艺术)@Adian shi(yi shu)@x艺术美学 |
| 690 | @aJ901@v4 | |
| 701 | 0 | @a彭吉象@Apeng ji xiang@4著 |
| 801 | 0 | @aCN@bQSSK@c20090806 |
| 905 | @b750504-06@dJ901@eP497@f3 | |
| 影视美学/彭吉象著.-第2版,修订版.-北京:北京大学出版社,2009.05 |
| 368页:肖像;23cm.-(博雅大学堂·艺术) |
| ISBN 978-7-301-15066-5:CNY38.00 |
| 全书分为上下两编,上编把影视艺术放在世界电影发展史中,探讨了影视艺术的发展状况、影视美学理论的代表流派及其发展流变;下编则把影视美学放在文化的整体构架中,同时结合影视艺术的实践探讨了影视艺术的文化特性、美学特征、审美心理等。 |
| ● |
| 相关链接 |
|
|
|
正题名:影视美学
索取号:J901/P497
 
预约/预借
| 序号 | 登录号 | 条形码 | 馆藏地/架位号 | 状态 | 备注 |
| 1 | 750504 | 207505047 | 社科库309/309社科库 96排4列3层/ [索取号:J901/P497] | 在馆 | |
| 2 | 750505 | 207505056 | 社科库309/309社科库 96排4列3层/ [索取号:J901/P497] | 在馆 | |
| 3 | 750506 | 207505065 | 社科库309/309社科库 96排4列3层/ [索取号:J901/P497] | 在馆 |